| 000 | 00360nam a2200157Ia 4500 | ||
|---|---|---|---|
| 008 | 230312s9999||||xx |||||||||||||| ||und|| | ||
| 020 | _a0-7167-8724-5 | ||
| 082 |
_a572 _bBER-B |
||
| 100 | _aBerg,Jeremy.M | ||
| 245 | 0 | _aBiochemistry | |
| 260 |
_bW.H.Freeman _aUSA _c2007 |
||
| 300 | _a1025 | ||
| 546 | _aEng. | ||
| 650 |
_aMedical _vBiochemistry |
||
| 942 | _cBK | ||
| 999 |
_c5077 _d5077 |
||